000 00487nam a2200193Ia 4500
008 240510s9999 xx 000 0 und d
020 _a043582676X
041 _aEng
082 _a519.253
082 _bO66
100 _aOPPENHEIM, A.N.
245 0 _aQuestionnaire design and attitude measurement
260 _bLondon : Heinmann
260 _c1966
300 _a298 p.
650 _aStatiatics : Statistical data handling :questionnaires samp
942 _2ddc
942 _cLBK
999 _c25340
_d25340
945 _a1
_bMadushi Gamage
_c1
_dMadushi Gamage